Z jakiego kraju jest/był ten sportowiec? #2 - Statystyki

Ogólne statystyki
  • Ten quiz został rozwiązany 459 razy
  • Średni wynik to 16 z 20
Statystyki odpowiedzi
Obrazkowy Hint Odpowiedź % Poprawnych
Stefan Kraft Austria
97%
Christian Eriksen Dania
95%
Edison Cavani Urugwaj
93%
Wilfredo Leon Kuba/Polska
91%
Marit Bjørgen Norwegia
91%
Michael Schumacher Niemcy
90%
Lev Yashin Rosja (ZSRR)
90%
James Harden Stany Zjednoczone
88%
Kimi Raikkonen Finlandia
87%
Gary Neville Anglia
86%
Matti Nykänen Finlandia
85%
Maria Scharapova Rosja
85%
Roger Federer Szwajcaria
83%
Andrew Robertson Szkocja
81%
Marc Marquez Hiszpania
71%
Earvin N'gapeth Francja
69%
Andreas Jonsson Szwecja
69%
Giannis Antetokounmpo Grecja
60%
Julen Aguinagalde Hiszpania
48%
Francis Ngannou Kamerun
25%
Nie znaleziono quizów pasujących do podanych kryteriów
Rozkład punktacji
Procent ludzi z każdym wynikiem
Percentyl według liczby udzielonych odpowiedzi
Twoja historia wyników
Nie rozwiązałeś tego quizu